the one that should've got away - Nessa Barrett - Statistics

General Stats
  • This quiz has been taken 23 times
  • The average score is 206 of 239
Answer Stats
Hint Answer % Correct
a
100%
away
100%
away)
100%
got
100%
(Got
100%
Got
100%
on
100%
that
100%
the
100%
you
100%
you)
100%
(You
100%
You're
100%
bad
89%
Bridge Bad
89%
boy
89%
death
89%
did
89%
didn't
89%
(Didn't
89%
he
89%
heaven
89%
I
89%
Pre-Chorus If
89%
in
89%
in)
89%
knew
89%
know
89%
known
89%
let
89%
My
89%
never
89%
no
89%
now
89%
one
89%
risk
89%
should've
89%
take
89%
take)
89%
then
89%
to
89%
was
89%
What
89%
Why
89%
wish
89%
would've
89%
and
78%
And
78%
'cause
78%
'Cause
78%
God
78%
(God
78%
goodbye
78%
ground
78%
hate
78%
hold
78%
it
78%
like
78%
love
78%
loved
78%
mistake
78%
reckless
78%
Said
78%
say
78%
suicide
78%
when
78%
Verse 1 | Verse 2 Young
78%
"babe"
67%
burned
67%
cryin'
67%
for
67%
Hand
67%
I'm
67%
our
67%
pain
67%
pretty
67%
ride?
67%
calls
56%
can't
56%
close
56%
different
56%
flame
56%
held
56%
me
56%
name
56%
precious
56%
violent
56%
by
44%
devil
44%
stove
44%
lit
33%
lust
22%
No matching quizzes found
Score Distribution
Percent of People with Each Score
Percentile by Number Answered
Your Score History
You have not taken this quiz